Top 5 Biggest Allies of every country 8# - Statistics

General Stats
  • This quiz has been taken 29 times
  • The average score is 60 of 75
Answer Stats
Answer % Correct
France
100%
France
100%
France
100%
India
96%
India
96%
India
96%
India
96%
India
96%
India
96%
Italy
96%
Italy
96%
Italy
96%
Spain
96%
United Kingdom
96%
United Kingdom
96%
United Kingdom
96%
United States
96%
United States
96%
United States
96%
United States
96%
United States
96%
United States
96%
United States
96%
China
93%
China
93%
China
93%
China
93%
Russia
93%
Russia
93%
Russia
93%
Russia
93%
Algeria
89%
Japan
89%
Japan
89%
Japan
89%
South Korea
89%
Indonesia
82%
Romania
82%
Serbia
82%
South Africa
82%
Tunisia
82%
Bosnia and Herzegovina
79%
Croatia
79%
Niger
79%
Sri Lanka
79%
Ukraine
79%
Singapore
75%
Australia
71%
Colombia
71%
Kazakhstan
71%
Mozambique
71%
Chile
68%
Libya
68%
Morocco
68%
Palau
68%
Palau
68%
Peru
68%
Switzerland
64%
Zambia
64%
Mauritania
61%
Pakistan
61%
Philippines
61%
Philippines
61%
Seychelles
61%
Tanzania
57%
Burkina Faso
54%
Mali
54%
Marshall Islands
54%
Guinea
50%
Micronesia
50%
Ivory Coast
46%
Ivory Coast
46%
Bhutan
43%
United Arab Emirates
43%
Azerbaijan
32%
No matching quizzes found
Score Distribution
Percent of People with Each Score
Percentile by Number Answered
Your Score History
You have not taken this quiz